लक्ष्य की पूर्ति / (Record no. 117286)

MARC details
000 -LEADER
fixed length control field 01087nam a22002537a 4500
005 - DATE AND TIME OF LATEST TRANSACTION
control field 20170124103053.0
010 ## - LIBRARY OF CONGRESS CONTROL NUMBER
LC control number B-175382
020 ## - INTERNATIONAL STANDARD BOOK NUMBER
Terms of availability 225.00
International Standard Book Number 8188604070
035 ## - SYSTEM CONTROL NUMBER
System control number B-175382
037 ## - SOURCE OF ACQUISITION
Source of stock number/acquisition Cen Lib/Ret
040 ## - CATALOGING SOURCE
Original cataloging agency DPL
Language of cataloging HN
082 ## - DEWEY DECIMAL CLASSIFICATION NUMBER
Classification number
Item number भाटिया
100 ## - MAIN ENTRY--PERSONAL NAME
Personal name भाटिया, सुदर्शन
9 (RLIN) 71170
245 ## - TITLE STATEMENT
Title लक्ष्य की पूर्ति /
Statement of responsibility, etc सुदर्शन भाटिया
246 ## - VARYING FORM OF TITLE
Title proper/short title Lakshya ki purti
Remainder of title by Sudarshan Bhatiya
260 ## - PUBLICATION, DISTRIBUTION, ETC. (IMPRINT)
Place of publication, distribution, etc दिल्ली
Name of publisher, distributor, etc संगीता प्रकाशन
Date of publication, distribution, etc 2006
270 ## - ADDRESS
Address 30/64, विश्वास नगर गली न.8, शाहदरा
City दिल्ली
Postal code 110032
300 ## - PHYSICAL DESCRIPTION
Extent 184पृष्ठ.
Dimensions 21सेमी(सजिल्द)
650 ## - SUBJECT ADDED ENTRY--TOPICAL TERM
Topical term or geographic name as entry element हिंदी साहित्य
9 (RLIN) 71171
650 ## - SUBJECT ADDED ENTRY--TOPICAL TERM
Topical term or geographic name as entry element हिंदी कहानी ऐतिहासिक-पात्र
9 (RLIN) 71172
650 ## - SUBJECT ADDED ENTRY--TOPICAL TERM
Topical term or geographic name as entry element Hindi literature
9 (RLIN) 71173
650 ## - SUBJECT ADDED ENTRY--TOPICAL TERM
Topical term or geographic name as entry element Hindi story historic - eligible
9 (RLIN) 71174
942 ## - ADDED ENTRY ELEMENTS (KOHA)
Source of classification or shelving scheme Dewey Decimal Classification
Koha item type Hindi Books
Classification part
Call number suffix भाटिया
Holdings
Withdrawn status Lost status Damaged status Not for loan Home library Current library Date acquired Source of acquisition Cost, normal purchase price Total Checkouts Full call number Barcode Date last seen Copy number Cost, replacement price Price effective from Koha item type Source of classification or shelving scheme Collection code Shelving location
        Central Library Central Library 26/08/2015 Cen Lib /Ret 225.00   क भाटिया B-175382 26/08/2015 1 225.00 26/08/2015 Hindi Books      
        Patel Nagar Patel Nagar 05/12/2018 BPPD/PUB 225.00   क भाटिया B-175386 05/12/2018   225.00 05/12/2018 Hindi Books Dewey Decimal Classification Fiction General Stacks

© Delhi Public Library
Hit Counter
free hit counter